000 02364nam0a2200373 4500
001 RU\NLR\BIBL_A\022567636
005 20260408141238.0
010 _a978-5-7422-8745-2
_940
035 _a(NLR Aleph) 022567636
090 _a13496080
_c13496080
100 _a20250617d2024 k y0rusy50 ca
101 0 _arus
102 _aRU
105 _aa z 100yy
181 0 _ai3
_baxxe
182 0 _an
200 1 _aБиоТех - 2024
_eтезисы докладов Всероссийской научно-практической конференции с международным участием, 16-19 апреля 2024 года
_fМинистерство науки и высшего образования Российской Федерации, Санкт-Петербургский политехнический университет Петра Великого
_gредакционная коллегия: Ю. Г. Базарнова [и др.]
203 _aТекст
_bвизуальный
_cнепосредственный
210 _aСанкт-Петербург
_cПолитех-Пресс
_cCанкт-Петербургский политехнический университет Петра Великого
_d2024
215 _a200, [1] с.
_cил., табл.
_d21
320 _aБиблиогр. в конце ст.
606 1 _aБиотехнология
_jТезисы докладов
_91151883
_3RU\NLR\AUTH\66141721
686 1 _aЕ.в76я431(2)
686 1 _aЛ67я431(2)
686 1 _aЛ815.6я431(2)
686 1 _aР.с.я431(2)
702 1 _4340
_7ca
_8rus
_aБазарнова
_bЮ. Г.
_gЮлия Генриховна
_3RU\NLR\AUTH\770287486
_92689116
711 1 2 _a"БиоТех-2024", всероссийская научно-практическая конференция с международным участием
_eСанкт-Петербург
_3RU\NLR\AUTH\880628563
_92660931
712 0 2 _4570
_aСанкт-Петербургский политехнический университет Петра Великого
_bИнститут биомедицинских систем и биотехнологий
_9715778
_3RU\NLR\AUTH\880527069
942 _cBOOK
980 _aNB